Poder polt̕ico y religioso: Mx̌ico siglo XIX (Tomo II) /

Detalles Bibliográficos
Autor principal: Garca̕ Ugarte, Marta Eugenia
Formato: eBook
Lenguaje:español
Publicado: Ciudad de Mx̌ico: Cm̀ara de Diputados, 2010
Materias:
Acceso en línea:Acceso restringido

MARC

LEADER 00000nam a22000007a 4500
005 20171212174424.0
007 cr|||| ||||
008 171212s2010 mx |||||s|||| 00||0 spa d
020 |a 20888 
035 |a 20888 
040 |a vLex 
090 |c 7304  |d 7304 
100 1 |a Garca̕ Ugarte, Marta Eugenia 
245 1 0 |a Poder polt̕ico y religioso:  |h [Recurso electrn̤ico]:  |b Mx̌ico siglo XIX (Tomo II) /  |c Marta Eugenia Garca̕ Ugarte  
256 |a Servicio en ln̕ea 
260 |a Ciudad de Mx̌ico:  |b Cm̀ara de Diputados,  |c 2010 
300 |a 1 recurso electrn̤ico (912p.) 
506 1 |a Disponible solo en los productos indicados  |d vLex Global  |d vLex Global (Academic Edition, excluding Law Schools)  |d vLex Global (U.S. Academic Edition, Law Schools)  |d vLex Global (U.S. Academic Edition, excluding Law Schools)  |d vLex Global (Academic Edition, Law Schools) 
650 0 4 |a Ciencias sociales  |z Mx̌ico 
740 0 |a vLex Libros (Servicio en ln̕ea) 
856 4 0 |u http://vlex.com/source/poder-politico-religioso-mexico-siglo-xix-tomo-ii-20888  |z Acceso restringido 
942 |c BOOK 
999 0 |a Social science